Music Quiz

Random Music or Singers Quiz

Figure Out The Secret Artist Quiz Stats

 Plays Quiz Updated Jun 20, 2018

Challenge
Share
Tweet
Embed
Score 0/60 Timer 15:00
7 Plays Today
Clue Answer % Correct
Set 1Baby
94.4%
Set 2Like A
93.3%
Set 5Coming
90.5%
Set 5I Can
90.2%
Set 1Hit Me
89.9%
Set 4Open
89.6%
Set 3Off To
86.5%
Set 3Light
85.8%
Set 2It Seems
84.6%
Set 5Again
84.3%
Set 1When
84%
Set 1With You
82.6%
Set 4Look
81.8%
Set 1My Mind
78.6%
Set 1Time
75.9%
Set 3Land
75.1%
Set 5Back
74.3%
Set 2Your Life
73.3%
Set 1Britney Spears
73.3%
Set 2In The Wind
73%
Set 3Night
72.9%
Set 3Never Never
72.5%
Set 1One More
71.7%
Set 2To Me
71.3%
Set 4Boy
70.8%
Set 6I'd
70.7%
Set 5The Wind
70.4%
Set 3Take
69.9%
Set 6A Million
69.4%
Set 5Like A Rolling
67.7%
Clue Answer % Correct
Set 4No
67%
Set 5Feel It
64.5%
Set 6Dollars
63.3%
Set 5Chasing
63%
Set 6Dress
60.9%
Set 2Candle
60.7%
Set 4Sympathy
58.7%
Set 4Poor
58%
Set 6If I Had
57.2%
Set 6Green
56.4%
Set 1I'm Not
55.4%
Set 4Your Eyes
54.5%
Set 2Elton John
54.3%
Set 4I'm Just A
52.8%
Set 4I Need
50.5%
Set 3My Hand
47.7%
Set 6Buy You A
46.6%
Set 1I Lose
45.2%
Set 4Queen
42.9%
Set 4And See
41.7%
Set 5Thunder
41.3%
Set 3Metallica
41.1%
Set 1Give Me A Sign
38%
Set 2You Lived
37.5%
Set 4Up To
36.6%
Set 3Exit
36.3%
Set 3Enter
33.5%
Set 4The Skies
33%
Set 6Barenaked Ladies
32.5%
Set 5Live
23.7%

You're not logged in!

Compare scores with friends on all Sporcle quizzes.
OR
Log In

You Might Also Like...

Show Comments

Extras

Top Quizzes Today


Score Distribution

Your Account Isn't Verified!

In order to create a playlist on Sporcle, you need to verify the email address you used during registration. Go to your Sporcle Settings to finish the process.

Report this User

Report this user for behavior that violates our Community Guidelines.

Details: